[Event "GER-ch international (Women)"]
[Site "Bodenmais"]
[Date "2017.08.06"]
[Round "9"]
[White "Freter, Anke"]
[Black "Samanci, Aynur"]
[Result "1/2-1/2"]
[WhiteElo "1879"]
[BlackElo "1327"]
[PlyCount "88"]
[EventDate "2017.07.29"]
[EventType "swiss"]
[EventRounds "9"]
[EventCountry "GER"]
[SourceTitle "EXT 2019"]
[Source "ChessBase"]
[SourceDate "2018.10.10"]
[SourceVersion "1"]
[SourceVersionDate "2018.10.10"]
[SourceQuality "1"]

1. e4 e5 2. Nf3 Nc6 3. Bb5 a6 4. Ba4 b5 5. Bb3 Nf6 6. 0-0 Bc5 7. c3 Bb6 8. d4 exd4 9. e5 Ng8 10. cxd4 d5 11. Nc3 Be6 12. Be3 h6 13. a4 b4 14. Ne2 Nge7 15. h3 0-0 16. g4 Qd7 17. Nf4 Rac8 18. Kh2 Ng6 19. Nxg6 fxg6 20. Nh4 Ne7 21. a5 Ba7 22. Ba4 Qd8 23. Qd3 Bf7 24. Qxa6 Ra8 25. Qd3 g5 26. Nf5 Kh8 27. Nxe7 Qxe7 28. Rac1 Bb8 29. a6 Be8 30. Bc2 g6 31. f4 gxf4 32. Bxf4 Kg7 33. Bd2 Rxf1 34. Rxf1 Bf7 35. Rf6 Qe8 36. Bxb4 Ba7 37. Qe3 Rb8 38. Bd2 g5 39. e6 Kxf6 40. Qe5+ Ke7 41. exf7+ Kxf7 42. Qxd5+ Qe6 43. Qxe6+ Kxe6 44. Bc3 Kd5 1/2-1/2

[Event "GER-ch international (Women)"]
[Site "Bodenmais"]
[Date "2017.08.03"]
[Round "6"]
[White "Samanci, Aynur"]
[Black "Krause, Marianne"]
[Result "0-1"]
[WhiteElo "1327"]
[BlackElo "1735"]
[PlyCount "98"]
[EventDate "2017.07.29"]
[EventType "swiss"]
[EventRounds "9"]
[EventCountry "GER"]
[SourceTitle "EXT 2019"]
[Source "ChessBase"]
[SourceDate "2018.10.10"]
[SourceVersion "1"]
[SourceVersionDate "2018.10.10"]
[SourceQuality "1"]

1. e4 c6 2. d4 d5 3. Nc3 dxe4 4. Nxe4 Nf6 5. Nxf6+ gxf6 6. Bd3 Qa5+ 7. Bd2 Qd5 8. Nf3 Bg4 9. c4 Bxf3 10. cxd5 Bxd1 11. Rxd1 cxd5 12. 0-0 a6 13. Rfe1 Nc6 14. Bc3 Kd7 15. f4 Bg7 16. Bc2 Rad8 17. b4 e6 18. a3 f5 19. Re3 Bf6 20. g3 Rc8 21. Bb3 h5 22. Kf2 h4 23. Kg2 Rcg8 24. Kf2 hxg3+ 25. hxg3 Rh2+ 26. Kg1 Rgh8 27. Kf1 Rh1+ 28. Ke2 Rxd1 29. Kxd1 Bxd4 30. Bxd4 Nxd4 31. Rd3 Nxb3 32. Rxb3 Rh2 33. Rd3 f6 34. Ke1 Kd6 35. Rf3 Rc2 36. Kd1 Rh2 37. Ke1 Rh5 38. Kd2 e5 39. fxe5+ fxe5 40. g4 fxg4 41. Rf6+ Ke7 42. Rg6 Rh4 43. Rg7+ Kf6 44. Rxb7 g3 45. Ke3 Rg4 46. Rc7 g2 47. Rc6+ Kf5 48. Rc1 g1Q+ 49. Rxg1 Rxg1 0-1

[Event "GER-ch international (Women)"]
[Site "Bodenmais"]
[Date "2017.08.02"]
[Round "5"]
[White "Samanci, Aynur"]
[Black "Wolff, Beate"]
[Result "1/2-1/2"]
[WhiteElo "1327"]
[BlackElo "1194"]
[PlyCount "113"]
[EventDate "2017.07.29"]
[EventType "swiss"]
[EventRounds "9"]
[EventCountry "GER"]
[SourceTitle "EXT 2019"]
[Source "ChessBase"]
[SourceDate "2018.10.10"]
[SourceVersion "1"]
[SourceVersionDate "2018.10.10"]
[SourceQuality "1"]

1. e4 c6 2. d4 d5 3. Nc3 dxe4 4. Nxe4 Bf5 5. Ng3 Bg6 6. Nf3 Nd7 7. h4 h6 8. Bd3 Bxd3 9. Qxd3 e6 10. Bd2 Ngf6 11. 0-0-0 Be7 12. h5 0-0 13. Ne4 Nxe4 14. Qxe4 Nf6 15. Qd3 Qd5 16. Kb1 Qe4 17. Qxe4 Nxe4 18. Be3 Rfd8 19. Ne5 Bg5 20. f4 Bxf4 21. Bxf4 Nf2 22. Rhf1 Nxd1 23. Rxd1 c5 24. c3 a5 25. a4 cxd4 26. cxd4 Rd5 27. g4 Rc8 28. Be3 b5 29. axb5 Rxb5 30. Rd3 a4 31. Ra3 Rb3 32. Rxb3 axb3 33. Nd3 Rc2 34. Nc5 Re2 35. Bc1 Rg2 36. Nxb3 Rxg4 37. Be3 Rh4 38. Nc5 Rxh5 39. b4 Rd5 40. b5 e5 41. dxe5 Rxe5 42. Bf2 g5 43. b6 Re8 44. b7 f5 45. Nd7 Kf7 46. b8Q Rxb8+ 47. Nxb8 f4 48. Kc2 Ke6 49. Kd2 Ke5 50. Ke2 Ke4 51. Nd7 h5 52. Nf6+ Kf5 53. Nxh5 g4 54. Nxf4 Kxf4 55. Kf1 Kf3 56. Kg1 g3 57. Bxg3 1/2-1/2

[Event "GER-ch international (Women)"]
[Site "Bodenmais"]
[Date "2017.08.01"]
[Round "4"]
[White "Kuehne, Maria"]
[Black "Samanci, Aynur"]
[Result "1-0"]
[WhiteElo "1610"]
[BlackElo "1327"]
[PlyCount "91"]
[EventDate "2017.07.29"]
[EventType "swiss"]
[EventRounds "9"]
[EventCountry "GER"]
[SourceTitle "EXT 2019"]
[Source "ChessBase"]
[SourceDate "2018.10.10"]
[SourceVersion "1"]
[SourceVersionDate "2018.10.10"]
[SourceQuality "1"]

1. d4 d5 2. Nf3 e6 3. e3 Nf6 4. Bd3 Nbd7 5. 0-0 Be7 6. Nbd2 c5 7. b3 cxd4 8. exd4 0-0 9. Bb2 b6 10. a3 Bb7 11. Qe2 Rc8 12. Ne5 Nxe5 13. dxe5 Nd7 14. Rac1 Nc5 15. f4 Nxd3 16. Qxd3 Bc5+ 17. Kh1 Qh4 18. b4 Be7 19. Bd4 Qh6 20. c3 Qg6 21. Qe3 Ba6 22. Rf3 Rc6 23. Rg1 f6 24. a4 fxe5 25. fxe5 Rxf3 26. gxf3 Qd3 27. Qh6 Bf8 28. b5 Rc7 29. Qxe6+ Kh8 30. bxa6 Qxd2 31. Qxd5 Qf4 32. Qe4 Qf7 33. f4 h6 34. f5 Rc4 35. e6 Qe7 36. Bxg7+ Bxg7 37. Qxc4 Kh7 38. Qe4 Bf6 39. Qb7 h5 40. Qxe7+ Bxe7 41. Rd1 Kg7 42. Rd7 Kf6 43. Rxa7 Kxf5 44. Rxe7 Ke5 45. a7 Kd5 46. a8Q+ 1-0